Kỹ thuật ương nuôi tôm sú
Gardado en:
| Formato: | Libro |
|---|---|
| Idioma: | Undetermined |
| Publicado: |
Hà Nội
Trung tâm thông tin KHKT và Kinh tế thủy sản
1996
|
| Những chủ đề: | |
| Các nhãn: |
Engadir etiqueta
Sen Etiquetas, Sexa o primeiro en etiquetar este rexistro!
|
| Thư viện lưu trữ: | Trung tâm Học liệu Trường Đại học Cần Thơ |
|---|
| LEADER | 00559nam a2200169Ia 4500 | ||
|---|---|---|---|
| 001 | CTU_161491 | ||
| 008 | 210402s9999 xx 000 0 und d | ||
| 082 | |a 639.6 | ||
| 082 | |b K600 | ||
| 245 | 0 | |a Kỹ thuật ương nuôi tôm sú | |
| 245 | 0 | |c Lê Thanh Lựu, Nguyễn Việt Nam biên soạn | |
| 260 | |a Hà Nội | ||
| 260 | |b Trung tâm thông tin KHKT và Kinh tế thủy sản | ||
| 260 | |c 1996 | ||
| 650 | |a Shrimp culture,Nuôi tôm | ||
| 904 | |i Trọng Hải | ||
| 980 | |a Trung tâm Học liệu Trường Đại học Cần Thơ | ||